| 000 | 01582nam a22003494i 4500 | ||
|---|---|---|---|
| 003 | PE-LiUPU | ||
| 005 | 20260217115221.0 | ||
| 008 | 080130s2008 ag 000 0 spa d | ||
| 020 | _a9789875673885 | ||
| 040 |
_aPE-LiUPU _bspa _cPE-LiUPU _erda |
||
| 041 | 1 |
_aspa _heng |
|
| 082 | 0 | 4 |
_a232 _bA216g _220 |
| 100 | 1 |
_aAdams, Roy, _eautor. _98068 |
|
| 245 | 1 | 3 |
_aLa gloria de Jesús : _btodavía toca los corazones / _cRoy Adams. |
| 250 | _aPrimera edición. | ||
| 264 | 1 |
_aFlorida, Buenos Aires : _bAsociación Casa Editora Sudamericana, _c2008. |
|
| 300 |
_a174 páginas ; _c20 cm |
||
| 336 |
_atext _2rdacontent |
||
| 337 |
_aunmediated _2rdamedia |
||
| 338 |
_avolume _2rdacarrier |
||
| 500 | _aTraducción de: The wonder of Jesus : He still touches hearts. | ||
| 500 | _aImpreso en la Argentina. | ||
| 504 | _aIncluye referencias bíblicas. | ||
| 505 | 0 | _aLa fascinación de Jesús -- El misterio de su deidad -- La realidad de su humanidad -- La sabiduría de su enseñanza -- La maravilla de su obra -- El desafío de sus dichos -- El rompecabezas de su conducta -- La intensidad de su marcha -- La ternura de su amor -- La muerte de Jesús -- El poder de su resurrección -- El ministerio sumosacerdotal de Jesús -- ¡Viene a por nosotros! | |
| 650 | 1 | 4 |
_aJesucristo _xVida. |
| 650 | 2 | 4 | _aCristología. |
| 650 | 2 | 4 | _aEspiritualidad cristiana. |
| 700 |
_aCortés A., Félix, _etraductor. _98069 |
||
| 710 | 2 |
_aAsociación Casa Editora Sudamericana, _eeditor. |
|
| 942 |
_2ddc _cBK |
||
| 980 |
_618228 _aRebeca Esther Huerta Leyton _818226 _gJaime Vilcazán Jefe de Análisis Documental |
||
| 999 |
_c63291 _d63290 |
||